000 00713nam a22002297a 4500
005 20170124110155.0
010 _aA-689063
020 _c45.00
035 _aA-689063
037 _bCen Lib/Ret
040 _aDPL
_bEN
082 _a181.499
_bBAS
100 _aBasu, Samar
_934757
245 _aMan: towards his splendid destiny :
_cby Samar Basu
_ba guide to the study of man in the light of sri aurobindo /
260 _aPondichery
_bWorld Union
_c1992
270 _bPondichery
_asri aurobindo ashram
300 _axxiii, 140p.
_c21cm(Hb)
500 _aIncludes index
650 _z
_aIndian philosophy
_934758
650 _aHuman cycle
_934759
942 _2ddc
_cEN
_h181.499
_mBAS
999 _c132458
_d132458